000 00332nam a22001337a 4500
008 250402b |||||||| |||| 00| 0 eng d
020 _a0444519157
050 _aHD235
_b.G86
100 _aGUO R.
245 _aCross Border Resource Management; Theory and Practices.
260 _aLondon
_b2005
_c2005
300 _a287p.
942 _cBK
999 _c2789
_d2789